000 01178nam a2200301Ia 4500
001 ebr10597778
003 CaPaEBR
006 m u
007 cr cn|||||||||
008 120921s2012 cau s 001 0 eng d
020 _z9781905539758
020 _z9781907830754
040 _aCaPaEBR
_cCaPaEBR
035 _a(OCoLC)815506815
050 1 4 _aRM735
_b.P654 2012eb
100 1 _aPolglase, Tracey.
245 1 4 _aThe occupational therapy handbook
_h[electronic resource] :
_bpatient education /
_cTracey Polglase, Rachel Treseder.
260 _aCumbria, CA :
_bM&K Publishers,
_c2012.
300 _ax, 170 p.
500 _aIncludes index.
533 _aElectronic reproduction.
_bPalo Alto, Calif. :
_cebrary,
_d2011.
_nAvailable via World Wide Web.
_nAccess may be limited to ebrary affiliated libraries.
650 0 _aOccupational therapy
_xStudy and teaching.
650 0 _aOccupational therapy
_vHandbooks, manuals, etc.
655 7 _aElectronic books.
_2local
700 1 _aTreseder, Rachel.
710 2 _aebrary, Inc.
856 4 0 _uhttp://site.ebrary.com/lib/rucke/Doc?id=10597778
_zAn electronic book accessible through the World Wide Web; click to view
999 _c109332
_d109332